000 00621nam a22002057a 4500
999 _c9180
_d9180
003 AR-CdUCM
008 190327b ||||| |||| 00| 0 spa d
040 _aMUNICIPALIDAD PROVINCIAL DEL CUSCO
_cBIBLIOTECA MUNICIPAL DEL CUSCO
082 _a856.26 /
_bP59
100 _aPinto, N. R.
_915336
245 _aPoemática /
260 _aBuenos Aires :
_bEl arte del sur,
300 _a10 páginas ;
_c23 cm.
505 _aContenido : Poemática : Poemas -- I -- II -- III -- IV -- V ...
650 _aPoemática
_925235
650 _aPoemas
_9929
650 _aLatinoamérica
_94398
942 _2ddc
_cLIBROS
945 _arah